Представление документа в формате MARC21

Поле Инд. ПП Название Значение
Тип записи a
Библиографический уровень m
001 Контрольный номер RU/LIBMSTU/422542322
005 Дата корректировки 20160127120607.7
008 Кодируемые данные 130522|||||||||ru |||||||||||000|||rus||
020 a ISBN 978-5-7567-0670-3
020 a ISBN 978-5-7567-0672-7 (т. 2)
040 b Код языка каталог. rus
041 0_ a Код языка текста rus
084 a Индекс другой классификации/Индекс ББК 63.3(0)62-6+66.4(0)
090 a Полочн. индекс 63.3(0)6
x Авторский знак И 90
245 10 a Заглавие История международных отношений. В 3 т. Т. 2. Межвоенный период и Вторая мировая война
b Продолж. заглавия учеб. для вузов
c Ответственность под ред. А. В. Торкунова, М. М. Наринского ; Моск. гос. ин-т междунар. отношений (Ун-т) МИД России
260 a Место издания Москва
b Издательство Аспект Пресс
c Дата издания 2012
300 a Объем 495, [1] с.
504 a Библиография Библиогр. в конце гл.
650 04 a Основная рубрика Международные отношения-История, 20 в.-Учебные издания для высших учебных заведений
650 14 a Основная рубрика Вторая мировая война, 1939-1945-Учебные издания для высших учебных заведений
653 0_ a Ключевые слова Вашингтонская система; Версальская система; Вторая мировая война 1939-1945 гг.; Генуэзская конференция; История международных отношений; Локарнская конференция; Международные отношения; Мировая политика; Парижская мирная конференция
700 12 a Другие авторы Торкунов А. В.
e Роль лиц ред.
700 1_ a Другие авторы Наринский М. М.
e Роль лиц ред.
901 t Тип документа m
952 b Гриф литературы для ВШ Рекомендовано УМО вузов РФ по образованию в обл. междунар. отношений
c Вид литературы учебник